| 000 | 00733nam a2200229 i 4500 | ||
|---|---|---|---|
| 005 | 20200104041513.0 | ||
| 008 | 140221s1997 cr |||||r|||| 00| 0 spa d | ||
| 020 | _a9977122806 | ||
| 040 |
_aCO-BoIAVH _cCO-BoIAVH |
||
| 041 | _aspa | ||
| 044 | _acr | ||
| 082 | 0 | 4 |
_a333.918 _bT11b |
| 100 | 1 |
_aTabilo Valdivieso, Elier _98580 |
|
| 245 | 1 | 3 |
_aEl beneficio de los humedales en América Central : _bel potencial de los humedales para el desarrollo / _cElier, Tabilo-Valdivieso. |
| 260 |
_aSan José : _bWWF, _c1997. |
||
| 300 | _a48 páginas | ||
| 650 | 1 | 4 |
_aHumedales _950362 |
| 650 | 2 | 4 |
_aGestión de los humedales _950363 |
| 650 | 2 | 4 |
_aConservación de humedales _950364 |
| 650 | 2 | 4 |
_aDesarrollo sostenible _9278 |
| 942 |
_cLIBRO _2ddc |
||
| 999 |
_c649 _d649 |
||